Question bank on agricultural engineering (Record no. 13974)
[ view plain ]
| 000 -LEADER | |
|---|---|
| fixed length control field | 00341nam a22001337a 4500 |
| 020 ## - INTERNATIONAL STANDARD BOOK NUMBER | |
| ISBN | 9788183600187 |
| 082 ## - DEWEY DECIMAL CLASSIFICATION NUMBER | |
| Classification number | 630.1076 |
| Item number | RAW/QU |
| 100 ## - MAIN ENTRY--AUTHOR NAME | |
| Personal name | Rawat, Shesh Nath |
| 245 ## - TITLE STATEMENT | |
| Title | Question bank on agricultural engineering |
| 250 ## - EDITION STATEMENT | |
| Edition statement | 2 |
| 260 ## - PUBLICATION, DISTRIBUTION, ETC. (IMPRINT) | |
| Place of publication | New Delhi |
| Name of publisher | Jain brothers |
| Year of publication | 2012 |
| 700 ## - ADDED ENTRY--PERSONAL NAME | |
| Personal name | Nikhade, Jagdish S |
| 942 ## - ADDED ENTRY ELEMENTS (KOHA) | |
| Koha item type | Books |
| Withdrawn status | Lost status | Damaged status | Collection code | Home library | Current library | Shelving location | Date acquired | Source of acquisition | Cost, normal purchase price | Full call number | Accession Number | Koha item type |
|---|---|---|---|---|---|---|---|---|---|---|---|---|
| Withdrawn | Non-fiction | KAUAET | KAUAET | General Stacks | 30/03/2013 | Neoti Book Agency | 195.00 | 630.1076 RAW/QU | 23863 | Books | ||
| Non-fiction | KAUAET | KAUAET | General Stacks | 30/03/2013 | Neoti Book Agency | 195.00 | 630.1076 RAW/QU | 23864 | Books | |||
| Non-fiction | KAUAET | KAUAET | General Stacks | 30/03/2013 | Neoti Book Agency | 195.00 | 630.1076 RAW/QU | 23862 | Books | |||
| KAUAET | KAUAET | Scheme | 20/08/2016 | Penta Books Distributors, Calicut. | 195.00 | 630.1076 RAW/QU | BB 292 | Book Bank scheme for SC students | ||||
| KAUAET | KAUAET | Scheme | 20/08/2016 | Penta Books Distributors, Calicut. | 195.00 | 630.1076 RAW/QU | BB 293 | Book Bank scheme for SC students |
